000 00210nam a2200085Ia 4500
008 120527s9999 xx 000 0 und d
100 _aBudin, et al
245 _aUsing computers in the social studies
942 _cBK
999 _c27808
_d27808